000
00336cam a2200145ua 4500
041
_a
eng
_h
082
_a
823.301
_b
LAC/SC
100
_a
Lasey, A W .
245
_a
Seaside adventure /
_c
A W Lasey.
_h
Textual Documents
260
_a
London :
_b
Longman ,
_c
1961.
300
_a
26 ; .
504
_a
942
_c
BK
999
_c
3473
_d
3473